|
|
|
|
| LEADER |
00000nbm0a2200000 4500 |
| 001 |
176897 |
| 005 |
20231031165415.0 |
| 035 |
|
|
|a (RuTPU)RU\TPU\book\191803
|
| 090 |
|
|
|a 176897
|
| 100 |
|
|
|a 20100309d1972 k y0rusy50 ca
|
| 101 |
0 |
|
|a rus
|
| 102 |
|
|
|a RU
|
| 105 |
|
|
|a a p 000zy
|
| 200 |
1 |
|
|a Научный отчет по командировке на 5-ю Всесоюзную конференцию по химии лигнина доцента кафедры органической химии
|f Л. А. Першина
|g Томский политехнический институт (ТПИ)
|
| 210 |
|
|
|a Томск
|d 1972
|
| 215 |
|
|
|a 6 л.
|
| 610 |
1 |
|
|a научные отчеты
|
| 610 |
1 |
|
|a рукописные работы
|
| 610 |
1 |
|
|a командировки
|
| 610 |
1 |
|
|a лигнины
|
| 675 |
|
|
|a 6.022(063)
|v 3
|
| 675 |
|
|
|a 668.4(063)
|v 3
|
| 700 |
|
1 |
|a Першина
|b Л. А.
|
| 712 |
0 |
2 |
|a Томский политехнический институт (ТПИ)
|c (1944-1991)
|2 stltpush
|3 (RuTPU)RU\TPU\col\1123
|
| 801 |
|
1 |
|a RU
|b 63413507
|c 20100309
|
| 942 |
|
|
|c BK
|